Представление документа в формате MARC21

Поле Инд. ПП Название Значение
Тип записи a
Библиографический уровень m
001 Контрольный номер 6bd3dd9c-0fc2-411d-b36c-e0e1bcca8d54
005 Дата корректировки 20140226223158.3
008 Кодируемые данные 010228 d
020 c Цена, тираж 23.13
040 a Служба первич. каталог. НБ ТвГУ
041 a Код языка текста ger
080 a Индекс УДК 53(075.8)
a Индекс УДК 530.145(075.8)
a Индекс УДК 536(075.8)
084 a Индекс другой классификации/Индекс ББК В3я731-1
a Индекс другой классификации/Индекс ББК В312я731-1
a Индекс другой классификации/Индекс ББК В317я731-1
090 x Авторский знак H23
a Полочн. индекс В3
100 1_ a Автор Haensel H.
245 00 a Заглавие Physik, eine Darstellung der Grundlagen
n Номер части/ раздела [Bd.] II
p Название части/ раздела Thermodynamische Systeme, Schwingungen und Wellen
c Ответственность H. Haensel, W. Neumann
260 0_ a Место издания Berlin
b Издательство Dt. Verl. der Wiss.
c Дата издания 1972
300 a Объем 235 S.
b Иллюстрации/ тип воспроизводства Ill.
440 a Серия Studienbuecherei
504 a Библиография Bibliogr.: S.230. - Sachverz.: S.231-235.
583 a Действие Получение впервые 45 06.02.2001
k Исполнитель действия Дар Михеева В.Н.
650 a Основная рубрика Физика
x Основная подрубрика Учебники для вузов
650 a Основная рубрика Термодинамика
650 a Основная рубрика Колебания
650 a Основная рубрика Волны
653 a Ключевые слова Физика
a Ключевые слова Теоретическая физика
a Ключевые слова Колебания и волны
a Ключевые слова Термодинамика
700 1_ a Другие авторы Neumann W.
852 t Порядковый номер экземпляра 1
p Инвентарный номер 731511
888 a Бесплатные
930 a Новая/Ретро учебники
a Новая/Ретро иностр
a Новая/Ретро нем
952 p 45.2001 23.13 1 731511
c Вид литературы К ин
954 a Дата поступления на обработку 20010206
999 a Подразделение 2 Фил3